| 000 | 00428nam a2200181Ia 4500 | ||
|---|---|---|---|
| 001 | 10618 | ||
| 005 | 20260306161845.0 | ||
| 008 | 260306t1977||||xx |||||||||||||| ||spa|| | ||
| 041 | _aESP | ||
| 082 |
_a944.07 _bM26 |
||
| 100 |
_aMarx, Karl _eAUT |
||
| 245 | 0 | _aEl dieciocho brumario de Luis Bonaparte | |
| 260 | _c1977 | ||
| 300 |
_a171 páginas : _c18 cm. |
||
| 650 | _aGEN | ||
| 654 | _aCHU | ||
| 942 |
_cLIB _dJUS _fJUS _2ddc _n |
||
| 999 |
_c10618 _d10618 |
||